000 00533namaa2200181 a 4500
001 38057
003 BD-RjUL
005 20211209052719.0
008 150901b bg ||||gr|||| 00| 0 eng d
035 _a(BD-RjUL)
040 _aBD-RjUL
_beng
082 _222
_a079.5492
_bKAL
245 _aকালের কন্ঠ (Kaler Kontho)
_cইমদাদুল হক মিলন (Editor)
260 _aDhaka :
_bAmit Habib,
650 _aDaily Newspaper
_zBangladesh
_9117503
700 _aMilon, Emdadul Haq.
_9117823
942 _2ddc
_cNP
999 _c38057
_d38057